000 00352nam a2200133Ia 4500
008 230411s9999 xx 000 0 und d
041 _aeng
082 _aPS/610.7365/GUP/B08603
100 _aGupta Ram
245 _aSolved Papers in Mental Health Nursing
260 _bS Vikas and Co
_aJalandhar
_c2016
300 _a136p
999 _c158227
_d158227